Obchodné služby business services

Salvato in:
Dettagli Bibliografici
Autore principale: Michalová, Valéria
Ente Autore: Ekonomická univerzita v Bratislave. Obchodná fakulta
Natura: Libro
Lingua:slovacco
Pubblicazione: Bratislava Vydavateľstvo EKONÓM 2005
Edizione:2. dopln. vyd.
Soggetti:
Tags: Aggiungi Tag
Nessun Tag, puoi essere il primo ad aggiungerne!!

MARC

LEADER 00000nam$a2200000$$$4500
001 0038009
005 20240502071457.9
020 |a 80-225-2112-4 
041 0 |a slo 
044 |a SK 
245 1 0 |a Obchodné služby  |b business services  |c Valéria Michalová 
250 |a 2. dopln. vyd. 
264 1 |a Bratislava  |b Vydavateľstvo EKONÓM  |c 2005 
300 |a 169 s. 
610 2 0 |a služby obchodné 
610 2 0 |a teória a prax 
610 2 0 |a vývoj 
610 2 0 |a trh 
610 2 0 |a internacionalizácia 
610 2 0 |a politika 
610 2 0 |a konkurencia 
610 2 0 |a marketing 
610 2 0 |a nehnuteľnosti 
610 2 0 |a prenájom 
610 2 0 |a lízing 
610 2 0 |a služby informačné 
610 2 0 |a poradenstvo 
610 2 0 |a Slovensko 
610 2 0 |a Európska únia 
100 1 |a Michalová, Valéria 
710 2 |a Ekonomická univerzita v Bratislave. Obchodná fakulta